书目信息 |
| 题名: |
Flash 多媒体 CAL课件制作实例教程
|
|
| 作者: | 方其桂 主编 ;王玉华 编著 | |
| 分册: | ||
| 出版信息: | 北京 清华大学出版社 2002.01 |
|
| 页数: | 275页 | |
| 开本: | 16开 | |
| 丛书名: | 多媒体CAI课件制作实例教程丛书 | |
| 单 册: | ||
| 中图分类: | TP316.5 | |
| 科图分类: | ||
| 主题词: | 软件 | |
| 电子资源: | ||
| ISBN: | 7-900637-75-3 | |
| 000 | 00774nam0 2200241 45 | |
| 001 | 0206130811 | |
| 005 | 20020613090619.4 | |
| 010 | @a7-900637-75-3@d28.00元 | |
| 100 | @a20020613d2002 km y0chiy0120 ea | |
| 101 | 0 | @achi |
| 105 | @a z 000yy | |
| 200 | 1 | @aFlash 多媒体 CAL课件制作实例教程@AFlash Duo Mei Ti CAL Ke Jian Zhi Zuo Shi Li Jiao Cheng@f方其桂主编@FFang Qi Gui Zhu Bian@g王玉华等编著 |
| 210 | @a北京@c清华大学出版社@d2002.01 | |
| 215 | @a275页@d16开 | |
| 225 | @a多媒体CAI课件制作实例教程丛书 | |
| 300 | @a光盘1张 | |
| 410 | @12001 @a多媒体CAI课件制作实例教程丛书 | |
| 606 | 0 | @a软件 |
| 690 | @aTP316.5@v3 | |
| 701 | 0 | @a方其桂@4主编 |
| 702 | 0 | @a王玉华@AWang Yu Hua@4编著 |
| 801 | @aCN@bPftUser@c20020613 | |
| 905 | @aBZT@b340413-414@dTP316.5@e2@f2 | |
| Flash 多媒体 CAL课件制作实例教程/方其桂主编/王玉华等编著.-北京:清华大学出版社,2002.01 |
| 275页;16开.-(多媒体CAI课件制作实例教程丛书) |
| 光盘1张 |
| ISBN 7-900637-75-3:28.00元 |
| ● |
| 相关链接 |
|
|
|
正题名:Flash 多媒体 CAL课件制作实例教程
索取号:TP316.5/2
 
预约/预借
| 序号 | 登录号 | 条形码 | 馆藏地/架位号 | 状态 | 备注 |
| 1 | 340414 | 201166656 | 中心书库中库/ 中库027架B面7列2层29/ [索取号:TP316.5/2] | 在馆 |